000 01871nam a22002417a 4500
003 NALT
005 20220420103003.0
008 s2556 th ||||| |||| 00| 0 tha d
020 _a9786163330055
040 _aNALT
090 _aKP 115
_bค123ร 2556
110 2 _aคณะกรรมการด้านวิชาการเกี่ยวกับกับกฎหมายสิ่งแวดล้อม ศาลปกครอง
_930673
245 1 0 _aรายงานผลโครงการพัฒนาตุลาการศาลปกครองด้านสิ่งแวดล้อม (Green Judges) ปี 2555 : การบริหารจัดการทรัพยากรป่าไม้ ดิน และน้ำ อย่างยั่งยืน /
_cคณะกรรมการด้านวิชาการเกี่ยวกับกับกฎหมายสิ่งแวดล้อม ศาลปกครอง ; ชาชิวัฒน์ ศรีแก้ว บรรณาธิการ.
260 _aกรุงเทพฯ :
_bสำนักงานศาลปกครอง,
_c2556.
300 _a251 หน้า :
_bภาพประกอบ ;
_c24 ซม.
650 4 _aกฎหมายสิ่งแวดล้อม
_931013
_zไทย
650 4 _aทรัพยากรธรรมชาติ
_941613
_xกฎหมายและระเบียบข้อบังคับ
650 4 _aการจัดการทรัพยากรธรรมชาติ
_937710
_xกฎหมายและระเบียบข้อบังคับ
700 0 _944687
_aชาชิวัฒน์ ศรีแก้ว
850 _aNALT
942 _cLB
_2local
998 _bชวนพิชญ์ รัตนาไพบูลย์
_bphon
_c101
_j104
_k สายฝน ดีงาม
999 _c69297
_d69297